[Event "BI-2015-P-0000"]
[Site "LSS email"]
[Date "2015.04.16"]
[Round "?"]
[White "Mauer, Klaus"]
[Black "Nin, Ignacio"]
[Result "1-0"]
[WhiteElo "1702"]
[BlackElo "1855"]
[PlyCount "27"]
[EventDate "2015.04.22"]
[EventType "tourn (corr)"]
[EventRounds "10"]
[EventCountry "GER"]
[SourceTitle "Corr 2022"]
[Source "ChessBase"]
[SourceDate "2021.10.24"]
[SourceVersion "1"]
[SourceVersionDate "2021.10.24"]
[SourceQuality "1"]

1. e4 c6 2. d4 d5 3. Nf3 dxe4 4. Ng5 Nf6 5. Bc4 e6 6. Nc3 Bb4 7. 0-0 Bxc3 8. bxc3 h6 9. Nh3 Qa5 10. Rb1 Qxc3 11. Be2 0-0 12. Rb3 Qa5 13. Ra3 Qd8 14. Rg3 1-0

[Event "BI-2015-P-0000"]
[Site "LSS email"]
[Date "2015.04.16"]
[Round "?"]
[White "Nin, Ignacio"]
[Black "Hof, Gert Vant"]
[Result "0-1"]
[WhiteElo "1855"]
[BlackElo "1206"]
[PlyCount "20"]
[EventDate "2015.04.22"]
[EventType "tourn (corr)"]
[EventRounds "10"]
[EventCountry "GER"]
[SourceTitle "Corr 2022"]
[Source "ChessBase"]
[SourceDate "2021.10.24"]
[SourceVersion "1"]
[SourceVersionDate "2021.10.24"]
[SourceQuality "1"]

1. c4 Nf6 2. Nc3 e6 3. Nf3 b6 4. e4 Bb7 5. Bd3 c5 6. 0-0 Nc6 7. e5 Ng4 8. Be4 f5 9. exf6 Nxf6 10. Bxc6 Bxc6 0-1

[Event "BI-2015-P-0000"]
[Site "LSS email"]
[Date "2015.04.16"]
[Round "?"]
[White "Wittal, Werner"]
[Black "Nin, Ignacio"]
[Result "1-0"]
[WhiteElo "2011"]
[BlackElo "1855"]
[PlyCount "27"]
[EventDate "2015.04.22"]
[EventType "tourn (corr)"]
[EventRounds "10"]
[EventCountry "GER"]
[SourceTitle "Corr 2022"]
[Source "ChessBase"]
[SourceDate "2021.10.24"]
[SourceVersion "1"]
[SourceVersionDate "2021.10.24"]
[SourceQuality "1"]

1. e4 c6 2. d4 d5 3. Nc3 dxe4 4. Nxe4 Bf5 5. Ng3 Bg6 6. h4 h6 7. Nf3 e6 8. Ne5 Bh7 9. Bd3 Bxd3 10. Qxd3 Nd7 11. f4 Bb4+ 12. c3 Be7 13. Bd2 Ngf6 14. 0-0-0 1-0

[Event "CP-2014-P-00028"]
[Site "LSS email"]
[Date "2014.09.30"]
[Round "?"]
[White "Csernus, Robert"]
[Black "Nin, Ignacio"]
[Result "0-1"]
[WhiteElo "1553"]
[BlackElo "1831"]
[PlyCount "60"]
[EventDate "2014.10.01"]
[EventType "tourn (corr)"]
[EventRounds "6"]
[EventCountry "GER"]
[SourceTitle "Corr 2022"]
[Source "ChessBase"]
[SourceDate "2021.10.24"]
[SourceVersion "1"]
[SourceVersionDate "2021.10.24"]
[SourceQuality "1"]

1. d4 Nf6 2. c4 e6 3. Nf3 b6 4. Nc3 Bb4 5. Qc2 Bb7 6. a3 Bxc3+ 7. Qxc3 Ne4 8. Qc2 f5 9. g3 0-0 10. Bg2 Nf6 11. 0-0 Be4 12. Qc3 Qe8 13. b4 d6 14. Bb2 Nbd7 15. Rfd1 Qh5 16. b5 Rae8 17. a4 a5 18. bxa6 Ra8 19. a7 Rxa7 20. a5 bxa5 21. Rxa5 Rb7 22. c5 Rfb8 23. Ba3 dxc5 24. dxc5 c6 25. Ra6 e5 26. Qd2 Bd5 27. Ne1 e4 28. Nc2 Ne5 29. Nd4 Neg4 30. h3 e3 0-1

[Event "CP-2014-P-00028"]
[Site "LSS email"]
[Date "2014.09.30"]
[Round "?"]
[White "Nin, Ignacio"]
[Black "Camps, Jean Pierre"]
[Result "1-0"]
[WhiteElo "1831"]
[BlackElo "1977"]
[PlyCount "71"]
[EventDate "2014.10.01"]
[EventType "tourn (corr)"]
[EventRounds "6"]
[EventCountry "GER"]
[SourceTitle "Corr 2022"]
[Source "ChessBase"]
[SourceDate "2021.10.24"]
[SourceVersion "1"]
[SourceVersionDate "2021.10.24"]
[SourceQuality "1"]

1. e4 e6 2. d4 d5 3. Nc3 Bb4 4. e5 c5 5. a3 Bxc3+ 6. bxc3 Ne7 7. Qg4 0-0 8. Bd3 f5 9. exf6 Rxf6 10. Bg5 Rf7 11. Qh5 g6 12. Qd1 Nbc6 13. Nf3 c4 14. Be2 Qa5 15. Bd2 Nf5 16. h4 h5 17. Kf1 Bd7 18. Kg1 Raf8 19. Ng5 Rf6 20. g4 hxg4 21. Bxg4 e5 22. h5 Qd8 23. Rh2 Qe7 24. Rb1 b6 25. hxg6 Rxg6 26. Bh5 Rg7 27. Qf3 e4 28. Qh3 Nh6 29. Bg4 Rf6 30. Bxd7 Qxd7 31. Qxd7 Rxd7 32. Nxe4 Rg6+ 33. Ng5 Rdg7 34. f4 Kf8 35. Kg2 Ne7 36. Kf3 1-0

[Event "SC-2014-0-00232"]
[Site "LSS email"]
[Date "2014.07.22"]
[Round "?"]
[White "Nin, Ignacio"]
[Black "Schulz, Hans Juergen"]
[Result "1-0"]
[WhiteElo "1778"]
[BlackElo "1605"]
[PlyCount "77"]
[EventDate "2014.06.09"]
[EventType "tourn (corr)"]
[EventRounds "6"]
[EventCountry "GER"]
[SourceTitle "Corr 2015"]
[Source "ChessBase"]
[SourceDate "2015.07.17"]
[SourceVersion "1"]
[SourceVersionDate "2015.07.17"]
[SourceQuality "1"]

1. c4 Nf6 2. Nc3 g6 3. e4 d6 4. d4 Bg7 5. f3 0-0 6. Nge2 c5 7. d5 a6 8. a4 Nbd7 9. Ng3 h5 10. Be2 h4 11. Nf1 h3 12. g4 Qa5 13. Bd2 e6 14. g5 Nh7 15. f4 Qd8 16. Qc2 Bd4 17. dxe6 fxe6 18. 0-0-0 b5 19. cxb5 Rf7 20. Kb1 Bb7 21. Ng3 Bxc3 22. Bxc3 Ndf8 23. Rhf1 axb5 24. Bxb5 Ba6 25. Bxa6 Rxa6 26. f5 Qe8 27. fxg6 Nxg6 28. Rxf7 Qxf7 29. Rf1 Qe8 30. a5 Ra7 31. Qd1 Rd7 32. Qg4 d5 33. exd5 exd5 34. Nf5 d4 35. Nh6+ Kg7 36. Re1 Qd8 37. Bd2 Nhf8 38. Qxh3 Qb8 39. a6 1-0

[Event "SC-2014-0-00232"]
[Site "LSS email"]
[Date "2014.07.22"]
[Round "?"]
[White "Nin, Ignacio"]
[Black "Zabransky, Frantisek"]
[Result "1-0"]
[WhiteElo "1778"]
[BlackElo "1625"]
[PlyCount "87"]
[EventDate "2014.06.09"]
[EventType "tourn (corr)"]
[EventRounds "6"]
[EventCountry "GER"]
[SourceTitle "Corr 2015"]
[Source "ChessBase"]
[SourceDate "2015.07.17"]
[SourceVersion "1"]
[SourceVersionDate "2015.07.17"]
[SourceQuality "1"]

1. e4 c6 2. d4 d5 3. e5 Bf5 4. Nc3 e6 5. g4 Bg6 6. Nge2 c5 7. h4 h5 8. Nf4 Bh7 9. Nxh5 Nc6 10. dxc5 Bxc5 11. Bb5 Kf8 12. Bxc6 bxc6 13. Na4 Be7 14. Be3 Qa5+ 15. c3 c5 16. 0-0 Qc7 17. b4 cxb4 18. Rc1 Bxh4 19. Nc5 Ne7 20. cxb4 Qd8 21. b5 Bg6 22. Nf4 Kg8 23. Qd4 Bg5 24. f3 Bh4 25. Ne2 Nc8 26. Kg2 Qe8 27. Nf4 Bd8 28. a4 Nb6 29. Rfd1 Bh7 30. Nb7 Be7 31. Rc7 Nc4 32. Rc1 g5 33. Nxe6 fxe6 34. R1xc4 dxc4 35. Qxc4 Bg6 36. Qxe6+ Bf7 37. Qxe7 Qxe7 38. Rxe7 Rh7 39. Bxg5 Bb3 40. Nc5 Bc2 41. Rxh7 Kxh7 42. e6 Bd1 43. Kg3 Kg6 44. Be3 1-0

[Event "BI-2014-P-0000"]
[Site "LSS email"]
[Date "2014.04.19"]
[Round "?"]
[White "Nin, Ignacio"]
[Black "Ausan, Leo Tito Jr"]
[Result "1-0"]
[WhiteElo "1831"]
[BlackElo "1205"]
[PlyCount "67"]
[EventDate "2014.04.25"]
[EventType "tourn (corr)"]
[EventRounds "10"]
[EventCountry "GER"]
[SourceTitle "Corr 2022"]
[Source "ChessBase"]
[SourceDate "2021.10.24"]
[SourceVersion "1"]
[SourceVersionDate "2021.10.24"]
[SourceQuality "1"]

1. e4 g6 2. d4 d6 3. c4 Bg7 4. Nc3 Nc6 5. Be3 e5 6. d5 Nce7 7. g4 Nf6 8. f3 a5 9. Nge2 b6 10. Qa4+ Nd7 11. h4 0-0 12. 0-0-0 Nc5 13. Qa3 Bd7 14. h5 f5 15. hxg6 hxg6 16. gxf5 gxf5 17. Bh3 f4 18. Bxc5 bxc5 19. Rdg1 Bxh3 20. Rxh3 Kf7 21. Nb5 Rh8 22. Rxh8 Bxh8 23. Qc3 c6 24. dxc6 Nxc6 25. Qd3 Nd4 26. Nexd4 cxd4 27. Qf1 Bf6 28. Qh3 Qe7 29. Qh7+ Ke6 30. Qf5+ Kf7 31. Qg6+ Ke6 32. Nc7+ Qxc7 33. Qf5+ Ke7 34. Qh7+ 1-0

[Event "BI-2014-P-0000"]
[Site "LSS email"]
[Date "2014.04.19"]
[Round "?"]
[White "Pelekis, George"]
[Black "Nin, Ignacio"]
[Result "1-0"]
[WhiteElo "800"]
[BlackElo "1831"]
[PlyCount "99"]
[EventDate "2014.04.25"]
[EventType "tourn (corr)"]
[EventRounds "10"]
[EventCountry "GER"]
[SourceTitle "Corr 2022"]
[Source "ChessBase"]
[SourceDate "2021.10.24"]
[SourceVersion "1"]
[SourceVersionDate "2021.10.24"]
[SourceQuality "1"]

1. e4 c5 2. Nf3 d6 3. d4 cxd4 4. Nxd4 Nf6 5. Nc3 g6 6. Be3 Bg7 7. f3 0-0 8. Qd2 Nc6 9. 0-0-0 d5 10. exd5 Nxd5 11. Nxc6 bxc6 12. Bd4 e5 13. Bc5 Be6 14. Ne4 Re8 15. h4 h5 16. g4 Nf4 17. Qc3 Bd5 18. gxh5 Nxh5 19. Bc4 Qd7 20. Kb1 a5 21. Qa3 Red8 22. Rhe1 Qh3 23. Bb6 Rd7 24. Nc5 Rd6 25. Bc7 Rf6 26. Bxd5 cxd5 27. Qb3 Rc8 28. Qxd5 Bf8 29. Nd7 Rxc7 30. Nxf8 Qf5 31. Nd7 Rfc6 32. Qe4 Qxe4 33. Rxe4 f6 34. Ra4 Ra7 35. c3 Nf4 36. Kc2 Kf7 37. Nb8 Rc8 38. Rd7+ Rxd7 39. Nxd7 Ng2 40. Rxa5 Rc7 41. Nc5 Nxh4 42. Kd2 Nxf3+ 43. Ke3 Ng5 44. a4 Ne6 45. Nxe6 Kxe6 46. Ra6+ Kf5 47. a5 Rc4 48. Rd6 g5 49. Rd1 Ke6 50. Ra1 1-0

[Event "LSS BI-2010-P-00015"]
[Site "LSS email"]
[Date "2010.04.19"]
[Round "?"]
[White "Lehnberger, Karl"]
[Black "Nin, Ignacio"]
[Result "1-0"]
[WhiteElo "1963"]
[BlackElo "1822"]
[PlyCount "59"]
[EventDate "2010.04.22"]
[EventType "tourn (corr)"]
[EventRounds "10"]
[EventCountry "GER"]
[SourceTitle "Corr 2022"]
[Source "ChessBase"]
[SourceDate "2021.10.24"]
[SourceVersion "1"]
[SourceVersionDate "2021.10.24"]
[SourceQuality "1"]

1. e4 c5 2. Nf3 d6 3. d4 cxd4 4. Nxd4 Nf6 5. Nc3 a6 6. Bg5 e6 7. f4 Nbd7 8. Qf3 Qc7 9. 0-0-0 b5 10. a3 Bb7 11. g4 Be7 12. Bg2 Nc5 13. Bxf6 Bxf6 14. g5 Bxd4 15. Rxd4 0-0 16. Rhd1 Rac8 17. Qf2 Rfd8 18. Qd2 a5 19. Kb1 Bc6 20. Rxd6 Rxd6 21. Qxd6 Qxd6 22. Rxd6 b4 23. axb4 axb4 24. Ne2 h6 25. gxh6 gxh6 26. Rd4 b3 27. cxb3 Nxb3 28. Rd3 Rb8 29. Nd4 Nxd4 30. Rxd4 1-0

[Event "LSS BI-2010-P-00015"]
[Site "LSS email"]
[Date "2010.04.19"]
[Round "?"]
[White "Naess, Jan Olav"]
[Black "Nin, Ignacio"]
[Result "1-0"]
[WhiteElo "1862"]
[BlackElo "1822"]
[PlyCount "47"]
[EventDate "2010.04.22"]
[EventType "tourn (corr)"]
[EventRounds "10"]
[EventCountry "GER"]
[SourceTitle "Corr 2022"]
[Source "ChessBase"]
[SourceDate "2021.10.24"]
[SourceVersion "1"]
[SourceVersionDate "2021.10.24"]
[SourceQuality "1"]

1. d4 Nf6 2. Bg5 e6 3. Nf3 h6 4. Bh4 b6 5. e3 Bb7 6. Nbd2 Be7 7. Be2 0-0 8. c3 c5 9. 0-0 d6 10. h3 Nbd7 11. Bg3 Qc7 12. Bd3 a6 13. a4 Qc6 14. e4 d5 15. e5 Ne4 16. Bf4 Nxd2 17. Qxd2 f5 18. exf6 Rxf6 19. Ne5 Nxe5 20. Bxe5 Rf7 21. Bg6 Rff8 22. Bc2 a5 23. Qd3 Rf5 24. Qd1 1-0

[Event "LSS WC-2014-P-00020"]
[Site "LSS email"]
[Date "2010.02.18"]
[Round "?"]
[White "Nin, Ignacio"]
[Black "Giuliani, Carlo"]
[Result "1/2-1/2"]
[WhiteElo "1827"]
[BlackElo "2224"]
[PlyCount "39"]
[EventDate "2010.02.24"]
[EventType "tourn (corr)"]
[EventRounds "6"]
[EventCountry "GER"]
[SourceTitle "Corr 2022"]
[Source "ChessBase"]
[SourceDate "2021.10.24"]
[SourceVersion "1"]
[SourceVersionDate "2021.10.24"]
[SourceQuality "1"]

1. c4 Nf6 2. Nc3 e6 3. e4 c5 4. Nf3 Nc6 5. Be2 d5 6. exd5 exd5 7. d4 cxd4 8. Nxd4 dxc4 9. Nxc6 Qxd1+ 10. Nxd1 bxc6 11. Bxc4 Bd6 12. Nc3 0-0 13. Be3 Ng4 14. 0-0-0 Nxe3 15. fxe3 Bc5 16. Rd3 Bf5 17. e4 Bg6 18. Rd7 Rfd8 19. Rhd1 Bb6 20. Ba6 1/2-1/2

[Event "LSS BI-2009-F-00007"]
[Site "LSS email"]
[Date "2010.02.15"]
[Round "?"]
[White "Bennett, Hilton"]
[Black "Nin, Ignacio"]
[Result "1-0"]
[WhiteElo "2015"]
[BlackElo "1827"]
[PlyCount "57"]
[EventDate "2010.02.17"]
[EventType "tourn (corr)"]
[EventRounds "10"]
[EventCountry "GER"]
[SourceTitle "Corr 2022"]
[Source "ChessBase"]
[SourceDate "2021.10.24"]
[SourceVersion "1"]
[SourceVersionDate "2021.10.24"]
[SourceQuality "1"]

1. e4 c5 2. Nf3 d6 3. d4 cxd4 4. Nxd4 Nf6 5. Nc3 a6 6. Be3 e5 7. Nb3 Be6 8. Qd2 Nbd7 9. 0-0-0 b5 10. f3 Be7 11. g4 Nb6 12. Qf2 Nfd7 13. Kb1 Nc4 14. Bc1 Rc8 15. Nd5 Bxd5 16. exd5 0-0 17. h4 Ndb6 18. Bd3 a5 19. Qe1 a4 20. Na5 Qc7 21. Bf5 Ra8 22. Nc6 Nxd5 23. Be4 Qxc6 24. Bxd5 Qc7 25. Bxa8 Rxa8 26. Qe4 Rc8 27. Rh2 b4 28. g5 Rb8 29. h5 1-0

[Event "LSS BI-2009-F-00007"]
[Site "LSS email"]
[Date "2010.02.15"]
[Round "?"]
[White "Koslovska, Maria"]
[Black "Nin, Ignacio"]
[Result "1/2-1/2"]
[WhiteElo "1863"]
[BlackElo "1827"]
[PlyCount "42"]
[EventDate "2010.02.17"]
[EventType "tourn (corr)"]
[EventRounds "10"]
[EventCountry "GER"]
[SourceTitle "Corr 2022"]
[Source "ChessBase"]
[SourceDate "2021.10.24"]
[SourceVersion "1"]
[SourceVersionDate "2021.10.24"]
[SourceQuality "1"]

1. e4 c6 2. d4 d5 3. Nc3 dxe4 4. Nxe4 Bf5 5. Ng3 Bg6 6. h4 h6 7. Nf3 Nd7 8. h5 Bh7 9. Bd3 Bxd3 10. Qxd3 e6 11. Bf4 Qa5+ 12. Bd2 Bb4 13. Ne4 Ngf6 14. Nd6+ Ke7 15. Nxb7 Bxd2+ 16. Nxd2 Qb4 17. Qa3 Qxa3 18. bxa3 Rab8 19. Rb1 c5 20. dxc5 Rhc8 21. Ke2 Rc7 1/2-1/2

[Event "LSS BI-2009-F-00007"]
[Site "LSS email"]
[Date "2010.02.15"]
[Round "?"]
[White "Nin, Ignacio"]
[Black "Iacobitz, Lucian Valentin"]
[Result "1/2-1/2"]
[WhiteElo "1827"]
[BlackElo "2027"]
[PlyCount "45"]
[EventDate "2010.02.17"]
[EventType "tourn (corr)"]
[EventRounds "10"]
[EventCountry "GER"]
[SourceTitle "Corr 2022"]
[Source "ChessBase"]
[SourceDate "2021.10.24"]
[SourceVersion "1"]
[SourceVersionDate "2021.10.24"]
[SourceQuality "1"]

1. d4 Nf6 2. c4 e6 3. Nc3 Bb4 4. Qc2 c5 5. dxc5 0-0 6. a3 Bxc5 7. Nf3 b6 8. Bg5 Bb7 9. Rd1 Be7 10. e4 h6 11. Bf4 Nh5 12. Be3 Nc6 13. Be2 d6 14. 0-0 Qc8 15. h3 Nf6 16. Bf4 Rd8 17. Rd2 a6 18. Rfd1 Qb8 19. Be3 Qc7 20. Na4 Nd7 21. b4 Rab8 22. Qb3 Ba8 23. Nc3 1/2-1/2

[Event "LSS BI-2009-F-00007"]
[Site "LSS email"]
[Date "2010.02.15"]
[Round "?"]
[White "Nin, Ignacio"]
[Black "Osipov, Anatoly Vladimirovi"]
[Result "1/2-1/2"]
[WhiteElo "1827"]
[BlackElo "1819"]
[PlyCount "50"]
[EventDate "2010.02.17"]
[EventType "tourn (corr)"]
[EventRounds "10"]
[EventCountry "GER"]
[SourceTitle "Corr 2022"]
[Source "ChessBase"]
[SourceDate "2021.10.24"]
[SourceVersion "1"]
[SourceVersionDate "2021.10.24"]
[SourceQuality "1"]

1. d4 Nf6 2. c4 e5 3. dxe5 Ng4 4. Bf4 Nc6 5. Nf3 Bb4+ 6. Nbd2 Qe7 7. e3 Ngxe5 8. Nxe5 Nxe5 9. Be2 0-0 10. 0-0 d6 11. Nb3 Nd7 12. Qc2 Re8 13. Bf3 a5 14. a3 Bc5 15. Nxc5 Nxc5 16. b4 Ne6 17. Qc3 Nxf4 18. exf4 axb4 19. axb4 Rxa1 20. Rxa1 c6 21. h3 Bf5 22. g4 Bc8 23. Kg2 h5 24. Kg3 hxg4 25. hxg4 Qe6 1/2-1/2

[Event "LSS SB-2009-0-00076"]
[Site "LSS email"]
[Date "2010.01.08"]
[Round "?"]
[White "Van Rooijen, Peter"]
[Black "Nin, Ignacio"]
[Result "0-1"]
[WhiteElo "1935"]
[BlackElo "1840"]
[PlyCount "30"]
[EventDate "2009.12.09"]
[EventType "tourn (corr)"]
[EventRounds "6"]
[EventCountry "GER"]
[SourceTitle "Corr 2022"]
[Source "ChessBase"]
[SourceDate "2021.10.24"]
[SourceVersion "1"]
[SourceVersionDate "2021.10.24"]
[SourceQuality "1"]

1. b4 e5 2. Bb2 Bxb4 3. f4 d6 4. Nf3 Nc6 5. a3 Ba5 6. e3 Nge7 7. fxe5 dxe5 8. Bc4 Be6 9. Bxe6 fxe6 10. Bxe5 Nxe5 11. Nxe5 0-0 12. Qg4 Rf6 13. Nc4 c6 14. Nxa5 Qxa5 15. Nc3 Raf8 0-1

[Event "LSS SB-2009-0-00076"]
[Site "LSS email"]
[Date "2010.01.07"]
[Round "?"]
[White "Mujica, Hector"]
[Black "Nin, Ignacio"]
[Result "0-1"]
[WhiteElo "1805"]
[BlackElo "1840"]
[PlyCount "90"]
[EventDate "2009.12.09"]
[EventType "tourn (corr)"]
[EventRounds "6"]
[EventCountry "GER"]
[SourceTitle "Corr 2022"]
[Source "ChessBase"]
[SourceDate "2021.10.24"]
[SourceVersion "1"]
[SourceVersionDate "2021.10.24"]
[SourceQuality "1"]

1. d4 Nf6 2. c4 e6 3. g3 c5 4. Nf3 cxd4 5. Nxd4 d5 6. Bg2 e5 7. Nf3 d4 8. 0-0 Nc6 9. e3 Bc5 10. exd4 exd4 11. Re1+ Be6 12. Ng5 0-0 13. Rxe6 fxe6 14. Nxe6 Qb6 15. Nxf8 Rxf8 16. Qb3 d3 17. Qxb6 Bxb6 18. Bf4 Ng4 19. Bd5+ Kh8 20. h3 Bxf2+ 21. Kg2 Ne3+ 22. Kxf2 Nc2 23. Nc3 Nxa1 24. Ke3 Nc2+ 25. Kd2 N2b4 26. a3 Nxd5 27. cxd5 Ne7 28. Kxd3 Kg8 29. Kd4 Ng6 30. Bd6 Rf1 31. Ne4 Nf8 32. Bc5 b6 33. Bb4 Kf7 34. Bc3 Nd7 35. Nd6+ Kg6 36. Nb5 a6 37. Nc7 Rd1+ 38. Ke3 Nc5 39. Ke2 Rd3 40. Be5 Rb3 41. Ne6 Nxe6 42. dxe6 Rb5 43. Bd4 Rd5 44. Bxb6 Kf5 45. e7 Re5+ 0-1

[Event "LSS SC-2009-0-00044"]
[Site "LSS email"]
[Date "2009.10.14"]
[Round "?"]
[White "Petersen, Hans"]
[Black "Nin, Ignacio"]
[Result "1-0"]
[WhiteElo "1736"]
[BlackElo "1746"]
[PlyCount "107"]
[EventDate "2009.09.05"]
[EventType "tourn (corr)"]
[EventRounds "6"]
[EventCountry "GER"]
[SourceTitle "Corr 2022"]
[Source "ChessBase"]
[SourceDate "2021.10.24"]
[SourceVersion "1"]
[SourceVersionDate "2021.10.24"]
[SourceQuality "1"]

1. d4 Nf6 2. c4 e6 3. Nf3 b6 4. a3 Bb7 5. Nc3 d5 6. cxd5 Nxd5 7. Qc2 Nxc3 8. bxc3 Be7 9. e4 0-0 10. Bd3 c5 11. 0-0 Qc7 12. Qe2 Nd7 13. Bb2 Rfd8 14. d5 exd5 15. exd5 Bf6 16. Rfd1 c4 17. Bxc4 Nc5 18. a4 a6 19. Ra2 Rac8 20. Ba1 h6 21. Bb2 Rd7 22. Ba1 Rcd8 23. Rb1 Bxd5 24. Bxd5 Rxd5 25. c4 R5d6 26. Bxf6 Rxf6 27. Ra3 Rfd6 28. Qc2 Nd3 29. Rab3 Qc5 30. Rf1 Qh5 31. Kh1 Qa5 32. Rc3 Nc5 33. Ra3 Qb4 34. Raa1 Nd3 35. Rab1 Qc5 36. Rb3 a5 37. Rc3 Qb4 38. h3 Nc5 39. Ra1 Re8 40. Kh2 Re4 41. Ra2 Rde6 42. Ng1 Re1 43. h4 Rf1 44. Nh3 Ree1 45. g3 Ne4 46. Rd3 g5 47. Rd8+ Kg7 48. hxg5 hxg5 49. g4 Qe7 50. Qb2+ f6 51. Qd4 Rd1 52. Qxd1 Rxd1 53. Rxd1 Qc7+ 54. Kg2 1-0

[Event "LSS BI-2009-P-00020"]
[Site "LSS email"]
[Date "2009.04.19"]
[Round "?"]
[White "Bennett, Hilton"]
[Black "Nin, Ignacio"]
[Result "1/2-1/2"]
[WhiteElo "2013"]
[BlackElo "1556"]
[PlyCount "53"]
[EventDate "2009.04.20"]
[EventType "tourn (corr)"]
[EventRounds "10"]
[EventCountry "GER"]
[SourceTitle "Corr 2022"]
[Source "ChessBase"]
[SourceDate "2021.10.24"]
[SourceVersion "1"]
[SourceVersionDate "2021.10.24"]
[SourceQuality "1"]

1. e4 c5 2. Nf3 d6 3. d4 cxd4 4. Nxd4 Nf6 5. Nc3 a6 6. Bc4 e6 7. Bb3 b5 8. Bg5 Be7 9. Qf3 Qb6 10. 0-0-0 Nbd7 11. Rhe1 Bb7 12. Qg3 Nc5 13. f3 0-0 14. Kb1 Nh5 15. Qg4 Bxg5 16. Qxg5 Nf6 17. h4 Rfc8 18. g4 Rab8 19. Rg1 a5 20. Ncxb5 a4 21. Nf5 Ne8 22. Ne7+ Kf8 23. Nxc8 Bxc8 24. Nd4 e5 25. Ne2 axb3 26. cxb3 Ba6 27. Qe3 1/2-1/2

[Event "LSS BI-2009-P-00020"]
[Site "LSS email"]
[Date "2009.04.19"]
[Round "?"]
[White "Cuaycong, Virgilio"]
[Black "Nin, Ignacio"]
[Result "0-1"]
[WhiteElo "1219"]
[BlackElo "1556"]
[PlyCount "66"]
[EventDate "2009.04.20"]
[EventType "tourn (corr)"]
[EventRounds "10"]
[EventCountry "GER"]
[SourceTitle "Corr 2022"]
[Source "ChessBase"]
[SourceDate "2021.10.24"]
[SourceVersion "1"]
[SourceVersionDate "2021.10.24"]
[SourceQuality "1"]

1. c4 c5 2. Nf3 Nc6 3. Nc3 e5 4. g3 g6 5. Bg2 Bg7 6. 0-0 Nge7 7. d3 0-0 8. Rb1 d6 9. a3 a5 10. Bd2 h6 11. Ne1 Be6 12. Nc2 d5 13. cxd5 Nxd5 14. Nxd5 Bxd5 15. b4 cxb4 16. axb4 a4 17. Ra1 b5 18. Bxd5 Qxd5 19. Bc3 Rfd8 20. Ne3 Qe6 21. Qc2 Nd4 22. Bxd4 exd4 23. Ng2 Rdc8 24. Qd2 a3 25. Nf4 Qd6 26. Rfc1 Rxc1+ 27. Qxc1 Qxb4 28. Qc6 Ra7 29. Qb6 Qb2 30. Qxa7 Qxa1+ 31. Kg2 Qc3 32. Qa8+ Kh7 33. Qd5 Qc7 0-1

[Event "LSS BI-2009-P-00020"]
[Site "LSS email"]
[Date "2009.04.19"]
[Round "?"]
[White "Hughes, Chris"]
[Black "Nin, Ignacio"]
[Result "0-1"]
[WhiteElo "685"]
[BlackElo "1556"]
[PlyCount "100"]
[EventDate "2009.04.20"]
[EventType "tourn (corr)"]
[EventRounds "10"]
[EventCountry "GER"]
[SourceTitle "Corr 2022"]
[Source "ChessBase"]
[SourceDate "2021.10.24"]
[SourceVersion "1"]
[SourceVersionDate "2021.10.24"]
[SourceQuality "1"]

1. d4 Nf6 2. c4 g6 3. Nc3 Bg7 4. e4 d6 5. Nf3 0-0 6. Be2 e5 7. 0-0 Nbd7 8. Be3 c6 9. d5 c5 10. Ne1 Ne8 11. Nc2 Ndf6 12. Bg5 Bd7 13. a3 a6 14. b4 b6 15. Re1 Nc7 16. b5 Qe7 17. a4 h6 18. Bxf6 Bxf6 19. Ne3 Bg5 20. Ng4 axb5 21. axb5 h5 22. Ne3 Bxe3 23. fxe3 Rxa1 24. Qxa1 Ra8 25. Qb2 Qg5 26. Nd1 Ne8 27. Bf3 Nf6 28. Nf2 Ra4 29. Qc2 Ra3 30. Nd1 h4 31. Qf2 h3 32. g3 Bg4 33. Bxg4 Nxg4 34. Qd2 Kg7 35. Qb2 Ra4 36. Qc2 Ra1 37. Qd3 Nf6 38. Kf1 Qh5 39. Nf2 Ra2 40. Re2 Ra8 41. Qd1 Qf3 42. Ke1 Ng4 43. Nxg4 Qh1+ 44. Kd2 Ra2+ 45. Kc3 Qxd1 46. Rxa2 Qxg4 47. Ra6 Qe2 48. Rxb6 Qxe3+ 49. Kb2 Qd2+ 50. Kb1 Qxh2 0-1